00433pab a2200145 454500008004000000100002000040245007500060260000900135300001300144362001100157650003700168650002700205700002100232773003400253180718b2009 xxu||||| |||| 00| 0 eng d aSiggel, Eckhard aImpact of the reforms on manufacturing enterprises in the Delhi region c2009 ap.69-71. a19 Sep aDelhi - Manufacturing industries aManufacturing industry aAgrawal, Pradeep aEconomic and Political Weekly